Biggest UK Cities A-Z - Statistics

General Stats
  • This quiz has been taken 274 times
    42 since last reset
  • The average score is 11 of 25
Answer Stats
Letter Population City % Correct
B 2.6 m Birmingham
98%
L 10.5 m London
95%
M 2.7 m Manchester
95%
E 0.52 m Edinburgh
88%
G 1.02 m Glasgow
83%
N 0.79 m Newcastle
75%
A 0.21 m Aberdeen
73%
C 0.46 m Cardiff
70%
O 0.18 m Oxford
68%
Y 0.16 m York
63%
I 0.18 m Ipswich
58%
D 0.29 m Derby
55%
S 0.88 m Southampton
53%
K 0.32 m Kingston upon Hull
48%
R 0.35 m Reading
43%
P 0.33 m Preston
28%
W 0.18 m Wigan
20%
T 0.16 m Telford
15%
J 29 k Jarrow
13%
F 0.26 m Farnborough
5%
H 0.13 m High Wycombe
5%
Z ~700 Zeals
3%
Q 17 k Quedgeley
0%
U 41 k Urmston
0%
V 15 k Verwood
0%
No matching quizzes found
Score Distribution
Percent of People with Each Score
Percentile by Number Answered
Your Score History
You have not taken this quiz since the last reset